| 000 | 00756nam a2200193 a 4500 | ||
|---|---|---|---|
| 003 | 0 | ||
| 005 | 20250513122117.0 | ||
| 008 | 970101s19uu xx 00 eng d | ||
| 050 |
_aPHS HF 5549.5.P37 _b.B47 2004 |
||
| 100 | _aBerin, Edgard Emanuele S. | ||
| 245 |
_aFactors related to job performance of employees of Vivere Hotel / _cEdgard Emanuele S. Berin. |
||
| 260 |
_aLas PiƱas City, Philippines : _bSouthville International School and Colleges, _c2004. |
||
| 300 |
_a52 pages ; _c28 cm. |
||
| 504 | _aIncludes bibliographical references. | ||
| 650 |
_aJob performance _zPhilippines _xCase studies. |
||
| 650 |
_aHotels _xEmployees _zPhilippines _vPerformance. |
||
| 650 |
_aHospitality industry _xEmployee performance _zPhilippines. |
||
| 942 |
_2lcc _cPASS |
||
| 999 |
_c97083 _d97083 |
||